| 000 | 01200nam a2200313 a 4500 | ||
|---|---|---|---|
| 001 | ebr10333579 | ||
| 003 | CaPaEBR | ||
| 006 | m u | ||
| 007 | cr cn||||||||| | ||
| 008 | 091123s2008 nyu sb 000 0 eng d | ||
| 020 | _z9789291737345 | ||
| 020 | _z9789291738212 | ||
| 040 |
_aCaPaEBR _cCaPaEBR |
||
| 035 | _a(OCoLC)567918192 | ||
| 043 | _afb----- | ||
| 050 | 1 | 4 |
_aRD590 _b.U53 2008eb |
| 245 | 0 | 0 |
_aUNAIDS legal and regulatory self-assessment tool for male circumcision in Sub-Saharan Africa _h[electronic resource]. |
| 260 |
_aAlbany, N.Y. : _bWorld Health Organization, _c2008. |
||
| 300 | _a16 p. | ||
| 504 | _aIncludes bibliographical references. | ||
| 533 |
_aElectronic reproduction. _bPalo Alto, Calif. : _cebrary, _d2010. _nAvailable via World Wide Web. _nAccess may be limited to ebrary affiliated libraries. |
||
| 650 | 0 | _aCircumcision. | |
| 650 | 0 | _aMedical policy. | |
| 651 | 0 | _aAfrica, Sub-Saharan. | |
| 655 | 7 |
_aElectronic books. _2local |
|
| 710 | 2 | _aJoint United Nations Programme on HIV/AIDS. | |
| 710 | 2 | _aebrary, Inc. | |
| 856 | 4 | 0 |
_uhttp://site.ebrary.com/lib/rucke/Doc?id=10333579 _zAn electronic book accessible through the World Wide Web; click to view |
| 999 |
_c50158 _d50158 |
||